El mundo de los microbios / (Registro nro. 568)
[ vista simple ]
| 000 -CABECERA | |
|---|---|
| Campo de control | 01162cam a2200289 a 4500 |
| 005 - FECHA Y HORA DE LA ULTIMA TRANSACCION | |
| Campo de control | 20161129151202.0 |
| 008 - ELEMENTOS DE LONGITUD FIJA—INFORMACION GENERAL | |
| Campo de control | 890522s1965 sp a r????????1??spa d |
| 040 ## - FUENTE DE CATALOGACIÓN | |
| Agencia catalogadora original | la |
| Agencia transcriptora | la |
| Agencia Modificadora | CO-BoIAVH |
| 041 0# - IDIOMA | |
| Código de idioma para texto/pista de sonido o título separado | Español |
| 044 ## - PAÍS DE PUBLICACIÓN | |
| País de publicación | España |
| 082 04 - NUMERO DE CLASIFICACION DECIMAL DEWEY | |
| Número de clasificación | 579 |
| Número del ítem | S71m |
| 100 1# - ASIENTO PRINCIPAL--NOMBRE PERSONAL | |
| Nombre personal | Stanier, Roger Y. |
| Término relacionado | autor |
| 9 (RLIN) | 8251 |
| 245 13 - MENCION DE TITULO | |
| Título | El mundo de los microbios / |
| Mención de responsabilidad | Roger Y. Stanier ; traducido del inglÉs por los Dres. Isabel García Acha ; Manuel Losada y Julio Rodríguez Villanueva. |
| 260 ## - PUBLICACION, DISTRIBUCION, ETC. (PIE DE IMPRENTA) | |
| Lugar de publicación, distribución, etc. | [Madrid] : |
| Nombre del editor, distribuidor, etc. | Aguilar, |
| Fecha de publicación, distribución, etc. | [1965]. |
| 300 ## - DESCRIPCION FISICA | |
| Extensión | xix, 724 p. : |
| Otros detalles físicos | ilustraciones y diagramas ; |
| Dimensiones | 22 x 14 cm. |
| 500 ## - NOTA GENERAL | |
| Nota general | Apéndice : páginas 682-704. |
| 500 ## - NOTA GENERAL | |
| Nota general | Al principio del título : Roger Y. Stanier ; Michael Doudoroff y Edward A. Adelberg. |
| 504 ## - NOTA DE BIBLIOGRAFIA, ETC. | |
| Nota de bibliografía | Bibliografía al final de cada capítulo. |
| 650 26 - ASIENTO SECUNDARIO DE MATERIA - TERMINO TEMATICO | |
| Término temático o nombre geográfico como elemento de entrada | Microorganismos |
| Subdivisión de forma | investigaciones |
| 9 (RLIN) | 77644 |
| 650 26 - ASIENTO SECUNDARIO DE MATERIA - TERMINO TEMATICO | |
| Término temático o nombre geográfico como elemento de entrada | Microorganismos |
| Subdivisión general | Especies |
| 9 (RLIN) | 77645 |
| 650 26 - ASIENTO SECUNDARIO DE MATERIA - TERMINO TEMATICO | |
| Término temático o nombre geográfico como elemento de entrada | Microorganismos |
| Subdivisión general | Genética |
| 9 (RLIN) | 77646 |
| 700 1# - ASIENTO SECUNDARIO - NOMBRE PERSONAL | |
| Nombre personal | Doudoroff, Michael |
| Término de relación | autor |
| 9 (RLIN) | 77638 |
| 700 1# - ASIENTO SECUNDARIO - NOMBRE PERSONAL | |
| Nombre personal | Adelberg, Edward A. |
| Término de relación | autor |
| 9 (RLIN) | 8256 |
| 700 1# - ASIENTO SECUNDARIO - NOMBRE PERSONAL | |
| Nombre personal | García Acha, Isabel |
| Término de relación | traductora |
| 9 (RLIN) | 77639 |
| 700 1# - ASIENTO SECUNDARIO - NOMBRE PERSONAL | |
| Nombre personal | Losada, Manuel |
| Término de relación | traductor |
| 9 (RLIN) | 77640 |
| 942 ## - ELEMENTOS ADICIONALES (KOHA) | |
| Sistema de clasificación | Dewey Decimal Classification |
| Tipo de ítem | Libro |
| Withdrawn status | Lost status | Sistema de Clasificación | Damaged status | No para préstamo | Colección | Inventariado | Ubicación Permanente | Ubicación actual | Fecha de adquisición | Fuente de Valor | Valor | Total Checkouts | Número topográfico | Inventario / Código de Barras | Date last seen | Ejemplar | Price effective from | Forma de adquisición | Tipo de material |
|---|---|---|---|---|---|---|---|---|---|---|---|---|---|---|---|---|---|---|---|
| Dewey Decimal Classification | General | Inventariado 2017 | Sala Fabio Quevedo | Sala Fabio Quevedo | 01/09/1998 | Instituto | 39000.00 | LB-579 S71m | 000800 | 04/12/2012 | Ej. 1 | 04/12/2012 | Compra | Libro |